000 00937nam a2200325Ia 4500
001 Z_4077
003 CHAP
008 220113s1995 xx 000 0 und d
010 _a167140
040 _cCHAP
082 _a631.0913 S35
100 _aSalcedo Gómez, José Guadalupe comp.
_9141305
245 _aTópicos de agronomía tropical /
_cComp. por José Guadalupe Salcedo Gómez y Luis Rey Carrasco Linares
260 _aChapingo, Méx. :
_bUACH. Centro Regional Universitario deL Sureste,
_c1995
300 _a189 p. ; ilus. : gráfs.
440 _a
500 _a
503 _a
650 _aAgricultura
_xTabasco
_91830
650 _aAgricultura
_xTrópicos
_91888
650 _aCoco
_xTabasco
_924269
650 _aMamey
_xTabasco
_970229
650 _aZapote I. Carrasco Linares, Luis Rey
_9141306
901 _a631.0913 S35
902 _aA
910 _a1995
942 _c1
942 _cc1
999 _c167140
_d167140